| 000 | 00437nam a22001817a 4500 | ||
|---|---|---|---|
| 010 | _aENG-147646 | ||
| 020 |
_a9789390607808 _c275.00 |
||
| 035 | _aEN-131178 | ||
| 037 | _bDBAD | ||
| 082 |
_aS _b1 |
||
| 100 |
_aShree,sir _986825 |
||
| 245 |
_aBalance Life Beautiful Life/ _cby Sirshree |
||
| 250 | _a1 | ||
| 260 |
_aIndia _bWow Publishings _c2023 |
||
| 270 | _bIndia | ||
| 300 |
_aP.228 _c22cm(pb) |
||
| 942 |
_2ddc _cEN _e1 _hS _mShr |
||
| 999 |
_c214475 _d214475 |
||